Catalog

Record Details

Catalog Search



Vrací se hospodář : president-budovatel Dr. Edvard Beneš v Plzni 18. června 1945 / Václav Kačín

Kačín, Václav (Author).

Record details

  • Physical Description: 33 s. : il.
  • Publisher: Plzeň : Okresní národní výbor v Plzni. Tiskové a propagační oddělení, 1945

Content descriptions

General Note:
Obálka: Varnuška, Bozděch
Subject: Beneš, Edvard, 1884-1948
prezidenti > Československo
Československo > dějiny
Genre: monografie
projevy

Available copies

  • 1 of 1 copy available at Common Catalog SPOK.

Holds

  • 0 current holds with 1 total copy.
Show Only Available Copies
Location Call Number / Copy Notes Barcode Shelving Location Status Due Date
Hospic Dobrého Pastýře HI
Tematická katagorie: Historie (HI)
2045957006970 Knihovna Available -

LDR 01203cam a22003377a 4500
00128354
003CZ-PrJAB
00520220707080101.0
008050131s1945 xr |||||r|||||||||||cze|d
015 . ‡acnb000664290
035 . ‡a(CZ PrCU)000319347
040 . ‡aABD103 ‡bcze ‡cABC013 ‡dABD103
043 . ‡ae-cs---
072 7. ‡a94(437) ‡xDějiny Česka a Slovenska ‡2Konspekt ‡98
080 . ‡a(437) ‡2MRF
080 . ‡a(042.5) ‡2MRF
1001 . ‡aKačín, Václav ‡7jcu2010568653 ‡4aut
24510. ‡aVrací se hospodář : ‡bpresident-budovatel Dr. Edvard Beneš v Plzni 18. června 1945 / ‡cVáclav Kačín
260 . ‡aPlzeň : ‡bOkresní národní výbor v Plzni. Tiskové a propagační oddělení, ‡c1945
300 . ‡a33 s. : ‡bil.
4901 . ‡aOhlasy doby ; ‡vsv. 2
500 . ‡aObálka: Varnuška, Bozděch
60017. ‡aBeneš, Edvard, ‡d1884-1948 ‡7jk01011576 ‡2czenas
65007. ‡aprezidenti ‡7ph124601 ‡zČeskoslovensko ‡2czenas
651 7. ‡aČeskoslovensko ‡7ge131689 ‡xdějiny ‡2czenas
655 7. ‡amonografie ‡7fd132842 ‡2czenas
655 7. ‡aprojevy ‡7fd133137 ‡2czenas
830 0. ‡aOhlasy doby
910 . ‡aBNE702
901 . ‡a28354 ‡b ‡c28354 ‡tbiblio

Additional Resources